000 00306nam a2200121Ia 4500
008 190216s9999||||xx |||||||||||||| ||und||
100 _aRajeswar Prasad Chathurvedi
245 0 _aHindi- Saflatha Ke Sikkar Par Kaise Pahunje
260 _bUpakar Prakashan
300 _a104
650 _aHindi
942 _cBK
999 _c16126
_d16126